000
00302nam a22001337a 4500
003
SGT
082
_a
324.254
_b
K17J
100
_a
JHA, PRASHANT
245
_a
KAISE JITTI HAI BHAJPA
260
_a
INDIA
_b
JUGGERNAUT BOOKS
_c
2017
300
_a
215
650
_a
INDIAN POLITICAL PARTIES
942
_2
ddc
_c
BK
999
_c
26251
_d
26251